|
|
|
|
| LEADER |
00996nam a22002537a 4500 |
| 001 |
39096 |
| 003 |
BD-DhAAL |
| 008 |
220802t2009 bg ||||| |||| 00| 0aben d |
| 999 |
|
|
|c 44716
|d 44716
|
| 020 |
|
|
|a 9847005901457
|
| 040 |
|
|
|a BD-DhAAL
|c BD-DhAAL
|
| 041 |
|
|
|a ben
|
| 082 |
|
|
|a 920
|
| 100 |
|
|
|a আলী, সৈয়দ মোস্তফা
|9 50514
|
| 245 |
|
|
|a আত্মকথা /
|c সৈয়দ মোস্তফা আলী
|
| 246 |
|
|
|a Atmakatha [memories]
|
| 260 |
|
|
|a ঢাকা :
|b উৎস প্রকাশন,
|c ২০০৯.
|
| 300 |
|
|
|a ১২০ পৃষ্ঠা ;
|c ২২ সে.মি.
|
| 541 |
|
|
|a Donated By Akbar Ali Khan
|e 39096
|
| 600 |
|
|
|a Ali, Syed Mustafa
|9 50515
|
| 650 |
|
|
|a Autobiography.
|9 50516
|
| 852 |
|
|
|a Ayesha Abed Library
|c Akbar Ali Khan Collection
|
| 942 |
|
|
|2 ddc
|c BK
|
| 952 |
|
|
|0 0
|1 0
|2 ddc
|4 0
|6 920_000000000000000_ALI
|7 1
|9 71429
|a BRACUL
|b BRACUL
|c AAKC
|d 2022-08-02
|e Donated by Akbar Ali Khan
|l 0
|o 920 ALI
|p 3010039096
|r 2022-08-02
|t 1
|w 2022-08-02
|y BK
|